Dvacet let bez SSSR

Zánik Sovietskeho zväzu spôsobil šok, ktorý vyplýval z faktu, že nešlo o postupný a dôstojný odchod, ale skôr o veľmocenské "vyparenie sa". Rusko - od začiatku všetkými považované za nástupcu Sovietskeho zväzu, sa automaticky stalo členom Rady bezpečnosti OSN. Tri štáty - Ukrajina, Bielorusko a Kaza...

Descripción completa

Guardado en:
Detalles Bibliográficos
Autor principal: Romancov, Michael
Formato: Capítulo de libro
Lenguaje:checo
Materias:
Etiquetas: Agregar Etiqueta
Sin Etiquetas, Sea el primero en etiquetar este registro!

MARC

LEADER 00000naa a2200000 4500
001 0146095
005 20231016094458.9
041 0 |a cze 
044 |a CZ 
245 1 0 |a Dvacet let bez SSSR  |c Michael Romancov 
520 |a Zánik Sovietskeho zväzu spôsobil šok, ktorý vyplýval z faktu, že nešlo o postupný a dôstojný odchod, ale skôr o veľmocenské "vyparenie sa". Rusko - od začiatku všetkými považované za nástupcu Sovietskeho zväzu, sa automaticky stalo členom Rady bezpečnosti OSN. Tri štáty - Ukrajina, Bielorusko a Kazachstan sa vďaka rozpadu stali potenciálnymi jadrovými mocnosťami. V Afrike a Latinskej Amerike je dnes rola Ruska nulová, v Európe veľmi slabá a v Ázii je na väčšine dôležitých miest silná skôr len symbolicky. 
610 2 0 |a politika medzinárodná 
610 2 0 |a politika zahraničná 
610 2 0 |a história 
610 2 0 |a zbrane 
610 2 0 |a energetika 
610 2 0 |a ZSSR 
610 2 0 |a Rusko 
100 1 |a Romancov, Michael